Al agua con tambor / (Registro nro. 12021)

Detalles MARC
000 -LIDER
fixed length control field 00745nam a22002537a 4500
001 - NÚMERO DE CONTROL
Identificador de número de control 000724
003 - IDENTIFICACDOR DE NÚMERO DE CONTROL
control field DO-SdBNP
005 - DATE AND TIME OF LATEST TRANSACTION
control field 20180212081713.0
007 - CAMPOS FIJOS DE DESCRIPCIÓN FÍSICA
fixed length control field 000724
008 - ELEMENTOS DE LONGITUD FIJA
fixed length control field 161122b 2008 sp a ||||| |||| 00| 0 spa d
020 ## - ISBN
International Standard Book Number 9788444160771
040 ## - FUENTE DE CATALOGACIÓN
Agencia que crea de manera original el registro BPMSU
Idioma de catalogación spa
Agencia que realiza la transcripción BPMSU
100 1# - ASIENTO PRINCIPAL -- NOMBRE PERSONAL
Nombre personal Carr, Jan
245 10 - MENCIÓN DE TITULO
Título Al agua con tambor /
Mención de responsabilidad Jan Carr ; ilustraciones Lori Tyminski y Giorgio Vallocani
260 ## - PUBLICACIÓN, DISTRIBUCIÓN, ETC. (PIE DE IMPRENTA)
Lugar de publicación, distribución, etc Madrid :
Nombre del editor, distribuidor, etc. Everest,
Fecha de publicación, distribución, etc 2008.
300 ## - DESCRIPCIÓN FÍSICA
Extensión 12 p. :
Otros detalles físicos il. ;
Dimensiones 15 cm.
490 1# - MENCIÓN DE SERIES
Mención de serie Tambor y su familia
700 12 - ASIENTO SECUNDARIO -- NOMBRE PERSONAL
Nombre personal Tyminski, Lori,
Mención de responsabilidad il.
700 12 - ASIENTO SECUNDARIO -- NOMBRE PERSONAL
Nombre personal Vallocani, Giorgio,
Mención de responsabilidad il.
830 #0 - ASIENTO SECUNDARIO DE SERIE--TÍTULO UNIFORME
Título uniforme Tambor y su familia.
942 ## - ADDED ENTRY ELEMENTS (KOHA)
Source of classification or shelving scheme Dewey Decimal Classification
Koha item type Libros
945 ## - INFORMACIÓN DE PROCESAMIENTO LOCAL
Información de procesamiento local inventariado, 2018 / dg
956 ## - LOCAL ELECTRONIC LOCATION AND ACCESS (OCLC)
Método de acceso LOPEREZ
Materiales especificados 10
Enlace 20161122
Campo enlazado y núm. de secuencia BPMSU
Nombre de host 00041
Existencias
Withdrawn status Lost status Source of classification or shelving scheme Damaged status Not for loan Collection code Home library Current library Date acquired Source of acquisition Total Checkouts Barcode Date last seen Price effective from Koha item type
    Dewey Decimal Classification     Colección Infantil General Biblioteca Pública Metropolitana Salomé Ureña Biblioteca Pública Metropolitana Salomé Ureña 11/22/2016 Donación   BPMSU16111455 11/22/2016 11/22/2016 Libros